000 00527 a2200169 4500
005 20250526084517.0
020 _a0-07-236150-6
082 _a658. 8 ETZ
100 _aETZEL, M. J.
245 _aInternet Exercise 1999-2000 Edition To Accompany Marketing
250 _a11th Ed.
260 _aBoston,
_bIrwin McGraw-Hill,
_c1999.
300 _a104p.
_bIndex.
_c26cm.
700 _aWALKER, B. J. & STANTON, W. J.
856 _yAccess online book
_fInternet Exercise to Accompany Marketing
_dhttp://www.mhhe.com
942 _2ddc
_cBKS
999 _c2655
_d2655